Win the European Presidential Election - Statistics

General Stats
  • This quiz has been taken 742 times
  • The average score is 343 of 500
Answers on the Map
Answers color-coded by a green-red scale on the quiz's map according to % correct below.
 
Answer Stats
Hint Answer % Correct
50 Germany
97%
49 France
96%
49 United Kingdom
94%
90 Russia
87%
36 Spain
87%
42 Italy
84%
22 Poland
74%
26 Ukraine
62%
8 Sweden
47%
12 Romania
42%
12 Netherlands
34%
7 Portugal
28%
4 Norway
27%
7 Greece
23%
4 Finland
22%
4 Ireland
22%
8 Belgium
16%
6 Austria
14%
6 Belarus
14%
3 Denmark
12%
3 Bulgaria
10%
1 Iceland
9%
7 Czech Republic
8%
6 Hungary
7%
4 Serbia
7%
7 Switzerland
4%
1 Estonia
3%
1 Vatican City
3%
2 Croatia
2%
1 Latvia
2%
1 Monaco
2%
3 Slovakia
2%
2 Albania
1%
1 Andorra
1%
2 Bosnia and Herzegovina
1%
2 Lithuania
1%
1 Luxembourg
1%
1 Malta
1%
1 Moldova
1%
2 North Macedonia
1%
1 San Marino
1%
2 Kosovo
0%
1 Liechtenstein
0%
1 Montenegro
0%
1 Slovenia
0%
No matching quizzes found
Score Distribution
Percent of People with Each Score
Percentile by Number Answered
Your Score History
You have not taken this quiz